[Event "2. Bundesliga Ost 2017/2018"]
[Site "alle Wien"]
[Date "2017.12.02"]
[Round "5"]
[Board "2"]
[White "Sardy, Peter"]
[Black "Certek, Pavel"]
[Result "1-0"]
[WhiteElo "2358"]
[BlackElo "2256"]
[PlyCount "99"]
[EventDate "2017.10.21"]
[EventType "team"]
[EventRounds "11"]
[EventCountry "AUT"]
[WhiteTeam "SK Austria"]
[BlackTeam "ASVOE Mattersburg"]

1. e4 c5 2. Nc3 Nc6 3. Nge2 g6 4. d4 cxd4 5. Nxd4 Bg7 6. Nb3 d6 7. Be2 Bxc3+ 8.
bxc3 Nf6 9. Bh6 Nxe4 10. Bd3 Nf6 11. h3 Be6 12. a4 Ne5 13. Bb5+ Nfd7 14. f4 Nc6
15. O-O a6 16. Bxc6 bxc6 17. Nd4 Bd5 18. Re1 e6 19. Qe2 Qb6 20. Kh2 Qc5 21. a5
Qc4 22. Qe3 c5 23. Nb3 Qb5 24. Nd2 c4 25. Ne4 Qc6 26. Ng5 Qc5 27. Qd2 Bc6 28.
Rad1 d5 29. Bg7 Rg8 30. Bd4 Qe7 31. Nxh7 O-O-O 32. Ng5 Rgf8 33. Qe3 Bb5 34. Rb1
Rfe8 35. Rb4 Nb8 36. Bb6 Rd7 37. Bc5 Qd8 38. Bb6 Qe7 39. Rbb1 Qd6 40. Bd4 Nc6
41. Nf3 Rb7 42. Be5 Qe7 43. Nd4 Nxa5 44. Ra1 Qd8 45. Nxb5 Rxb5 46. Qa7 Nb7 47.
Rxa6 f6 48. Qb8+ Kd7 49. Rd6+ Nxd6 50. Qxd6+  1-0

[Event "2. Bundesliga Ost 2017/2018"]
[Site "alle Wien"]
[Date "2017.12.02"]
[Round "5"]
[Board "3"]
[White "Petran, Peter"]
[Black "Nagy, Bence"]
[Result "1-0"]
[WhiteElo "2315"]
[BlackElo "2343"]
[PlyCount "81"]
[EventDate "2017.10.21"]
[EventType "team"]
[EventRounds "11"]
[EventCountry "AUT"]
[WhiteTeam "ASVOE Mattersburg"]
[BlackTeam "SK Austria"]

1. g3 Nf6 2. Bg2 d5 3. Nf3 g6 4. d3 Bg7 5. Nbd2 O-O 6. e4 dxe4 7. dxe4 c5 8.
O-O Nc6 9. Re1 Bg4 10. h3 Bxf3 11. Qxf3 e5 12. Nf1 Nd4 13. Qd1 Qe7 14. c3 Ne6
15. Ne3 Rfd8 16. Qe2 Qd7 17. Nc4 Qc7 18. a4 Kh8 19. Rf1 Nh5 20. Ne3 Rac8 21.
Qc4 Qd7 22. h4 Nef4 23. Rd1 Qe7 24. Rxd8+ Rxd8 25. gxf4 exf4 26. Nd5 Qxh4 27.
Qe2 f5 28. exf5 gxf5 29. Qf3 Be5 30. Bd2 Nf6 31. c4 Ne4 32. Bc3 Bxc3 33. bxc3
Rxd5 34. cxd5 Ng5 35. Qe2 f3 36. Qe5+ Kg8 37. Qg3 Qh5 38. Bf1 Qg6 39. Kh1 f4
40. Qxf4 Ne4 41. Qxf3  1-0

[Event "2. Bundesliga Ost 2017/2018"]
[Site "alle Wien"]
[Date "2017.12.02"]
[Round "5"]
[Board "4"]
[White "Newrkla, Katharina"]
[Black "Brod, Manfred"]
[Result "1-0"]
[WhiteElo "2168"]
[BlackElo "2244"]
[PlyCount "109"]
[EventDate "2017.10.21"]
[EventType "team"]
[EventRounds "11"]
[EventCountry "AUT"]
[WhiteTeam "SK Austria"]
[BlackTeam "ASVOE Mattersburg"]

1. e4 e6 2. d4 d5 3. Nd2 c5 4. exd5 Qxd5 5. Ngf3 cxd4 6. Bc4 Qd6 7. O-O Nf6 8.
Nb3 Nc6 9. Nbxd4 Nxd4 10. Nxd4 a6 11. c3 Qc7 12. Qe2 Bd6 13. h3 O-O 14. Bd3 Nd5
15. Qc2 h6 16. Bd2 Bd7 17. Rad1 Rac8 18. Be4 Nf4 19. Be3 Rfd8 20. Rd2 Nd5 21.
Bxd5 exd5 22. Nf5 Be6 23. Bd4 Bf8 24. Re1 Qd7 25. Ng3 Rc6 26. Qd3 Bd6 27. Rde2
Bc5 28. Nh5 Bxd4 29. Qxd4 f6 30. Qf4 Qf7 31. Nxg7 Kxg7 32. Rxe6 Rxe6 33. Qg4+
Kf8 34. Rxe6 Re8 35. Rxe8+ Qxe8 36. Qf4 Kf7 37. g3 Qb5 38. b3 Qe2 39. Qd4 Qxa2
40. Qxd5+ Kg6 41. g4 Kg7 42. Qxb7+ Kf8 43. c4 Qa5 44. Qf3 Kg7 45. Kg2 Qb6 46.
h4 Qd4 47. Kg3 Qe5+ 48. Qf4 Qc3+ 49. Qe3 Qa1 50. Kg2 Qd1 51. Qe7+ Kg6 52. h5+
Kg5 53. Qg7+ Kf4 54. Qxf6+ Kxg4 55. f3+  1-0

[Event "2. Bundesliga Ost 2017/2018"]
[Site "alle Wien"]
[Date "2017.12.02"]
[Round "5"]
[Board "5"]
[White "Salamon, Werner"]
[Black "Higatsberger, Michael"]
[Result "1/2-1/2"]
[WhiteElo "2162"]
[BlackElo "2121"]
[PlyCount "41"]
[EventDate "2017.10.21"]
[EventType "team"]
[EventRounds "11"]
[EventCountry "AUT"]
[WhiteTeam "ASVOE Mattersburg"]
[BlackTeam "SK Austria"]

1. e4 e6 2. d4 d5 3. exd5 exd5 4. Bd3 Nc6 5. c3 Bd6 6. Nf3 Nge7 7. O-O Bg4 8.
Re1 Qd7 9. Nbd2 O-O-O 10. Qa4 Kb8 11. b3 Rde8 12. Ba3 Bxa3 13. Qxa3 Ng6 14. Bb5
Rxe1+ 15. Rxe1 Re8 16. Qc1 a6 17. Bf1 f6 18. h3 Bf5 19. b4 Rxe1 20. Qxe1 Qe7
21. g3  1/2-1/2

[Event "2. Bundesliga Ost 2017/2018"]
[Site "alle Wien"]
[Date "2017.12.02"]
[Round "5"]
[Board "6"]
[White "Iro, Christian"]
[Black "Wiedner, Robert"]
[Result "1/2-1/2"]
[WhiteElo "2035"]
[BlackElo "2157"]
[PlyCount "53"]
[EventDate "2017.10.21"]
[EventType "team"]
[EventRounds "11"]
[EventCountry "AUT"]
[WhiteTeam "SK Austria"]
[BlackTeam "ASVOE Mattersburg"]

1. e4 c5 2. Nf3 d6 3. d4 cxd4 4. Nxd4 Nf6 5. Nc3 a6 6. Be3 b5 7. f3 e6 8. Qd2
Be7 9. a4 b4 10. Na2 d5 11. e5 Nfd7 12. f4 Nc5 13. c3 Ne4 14. Qc2 bxc3 15. bxc3
Qc7 16. Bd3 f5 17. exf6 Nxf6 18. O-O O-O 19. Rae1 Nc6 20. Nxc6 Qxc6 21. Bd4 h6
22. f5 Bc5 23. fxe6 Bxe6 24. Nc1 Bd7 25. Nb3 Bxd4+ 26. Nxd4 Qxa4 27. Qxa4
 1/2-1/2

[Event "2. Bundesliga Ost 2017/2018"]
[Site "alle Wien"]
[Date "2017.12.02"]
[Round "5"]
[Board "1"]
[White "Schneider-Zinner, Harald"]
[Black "Juhasz, Kristof"]
[Result "1/2-1/2"]
[WhiteElo "2408"]
[BlackElo "2404"]
[PlyCount "61"]
[EventDate "2017.10.21"]
[EventType "team"]
[EventRounds "11"]
[EventCountry "AUT"]
[WhiteTeam "L.A. Kraftanlage Ottakring 2"]
[BlackTeam "SK Sparkasse Bad Voeslau"]

1. d4 Nf6 2. c4 e6 3. Nf3 b6 4. g3 Bb4+ 5. Nbd2 Bb7 6. a3 Bxd2+ 7. Qxd2 O-O 8.
Bg2 d5 9. Ne5 Nbd7 10. O-O Qe7 11. b3 c5 12. Nxd7 Qxd7 13. Bb2 dxc4 14. Bxb7
Qxb7 15. bxc4 Rfd8 16. Qf4 cxd4 17. Bxd4 Nd7 18. Rfd1 f6 19. Be3 e5 20. Qg4 Nc5
21. Bxc5 bxc5 22. Qe6+ Qf7 23. Qa6 Rab8 24. Rxd8+ Rxd8 25. Rb1 h5 26. h4 Kh7
27. Qa5 Rd4 28. Qxc5 Qxc4 29. Qxc4 Rxc4 30. Rb7 Ra4 31. Rb3  1/2-1/2

[Event "2. Bundesliga Ost 2017/2018"]
[Site "alle Wien"]
[Date "2017.12.02"]
[Round "5"]
[Board "2"]
[White "Grimm, Daniel"]
[Black "Blohberger, Felix"]
[Result "0-1"]
[WhiteElo "2310"]
[BlackElo "2408"]
[PlyCount "112"]
[EventDate "2017.10.21"]
[EventType "team"]
[EventRounds "11"]
[EventCountry "AUT"]
[WhiteTeam "SK Sparkasse Bad Voeslau"]
[BlackTeam "L.A. Kraftanlage Ottakring 2"]

1. e4 e6 2. Nf3 d5 3. e5 c5 4. c3 Nc6 5. Bb5 Bd7 6. Ba4 Nge7 7. O-O Ng6 8. Re1
Be7 9. d4 Qb6 10. a3 a5 11. Bc2 Rc8 12. g3 f6 13. h4 O-O 14. h5 Nh8 15. Qd3 g6
16. Nbd2 cxd4 17. hxg6 Nxg6 18. cxd4 fxe5 19. dxe5 Ncxe5 20. Rxe5 Rxc2 21. Re1
Rcc8 22. a4 Rf7 23. Nf1 Rcf8 24. N1h2 Qa6 25. Qd1 Bf6 26. Bh6 Re8 27. Ng4 e5
28. Nfh2 Qe6 29. Rc1 Bc6 30. Nxf6+ Qxf6 31. Ng4 Qf3 32. Qxf3 Rxf3 33. Bf4 exf4
34. Nf6+ Kf8 35. Nxe8 fxg3 36. fxg3 Bxe8 37. Kg2 Rf7 38. Rc8 Re7 39. Rxe7 Nxe7
40. Rb8 d4 41. Kf2 Kf7 42. Rxb7 Bxa4 43. Ra7 Ke6 44. Rxa5 Bb3 45. Ra6+ Kd5 46.
Ra7 Kd6 47. Ra6+ Nc6 48. Ke1 Kc5 49. Kd2 Ne5 50. Ra5+ Kd6 51. Ra7 h5 52. Ra6+
Kd5 53. Rh6 Ke4 54. Rh8 Nc4+ 55. Ke1 d3 56. Re8+ Kf3  0-1

[Event "2. Bundesliga Ost 2017/2018"]
[Site "alle Wien"]
[Date "2017.12.02"]
[Round "5"]
[Board "3"]
[White "Steiner, Adam"]
[Black "Wilke, Werner"]
[Result "0-1"]
[WhiteElo "2179"]
[BlackElo "2248"]
[PlyCount "104"]
[EventDate "2017.10.21"]
[EventType "team"]
[EventRounds "11"]
[EventCountry "AUT"]
[WhiteTeam "L.A. Kraftanlage Ottakring 2"]
[BlackTeam "SK Sparkasse Bad Voeslau"]

1. e4 c5 2. c3 e6 3. d4 d5 4. exd5 exd5 5. Nf3 Nf6 6. Bb5+ Bd7 7. Bxd7+ Nbxd7
8. O-O Be7 9. Bg5 O-O 10. Nbd2 h6 11. Bxf6 Bxf6 12. dxc5 Nxc5 13. Nb3 Ne6 14.
Re1 a5 15. Nfd4 Nxd4 16. cxd4 a4 17. Nc5 a3 18. b3 b6 19. Na4 Qd6 20. Qd3 Rfe8
21. Re3 Qb4 22. Rd1 Rac8 23. Kf1 Rxe3 24. fxe3 Rc6 25. g3 Be7 26. Kg2 b5 27.
Nc5 Bxc5 28. dxc5 Rxc5 29. Kh3 h5 30. Qf5 g6 31. Qd7 Qe4 32. Rf1 Qg4+ 33. Qxg4
hxg4+ 34. Kxg4 Rc2 35. Rd1 Rxh2 36. Rxd5 Rxa2 37. Rxb5 Rb2 38. Kf3 Rb1 39. Ra5
Rxb3 40. g4 Kf8 41. Ra7 Kg7 42. g5 Kf8 43. Kf4 Ke8 44. Kf3 Rc3 45. Kf4 Kd8 46.
Rxf7 Rc4+ 47. Ke5 Ra4 48. Rf1 a2 49. Ra1 Ke7 50. Kd5 Ra5+ 51. Kc4 Ke6 52. Kb3
Ke5  0-1

[Event "2. Bundesliga Ost 2017/2018"]
[Site "alle Wien"]
[Date "2017.12.02"]
[Round "5"]
[Board "4"]
[White "Miazhynski, Yuri"]
[Black "Steindl, Johannes"]
[Result "1-0"]
[WhiteElo "2156"]
[BlackElo "2236"]
[PlyCount "71"]
[EventDate "2017.10.21"]
[EventType "team"]
[EventRounds "11"]
[EventCountry "AUT"]
[WhiteTeam "SK Sparkasse Bad Voeslau"]
[BlackTeam "L.A. Kraftanlage Ottakring 2"]

1. Nf3 Nf6 2. g3 d5 3. Bg2 c5 4. c4 d4 5. e3 d3 6. Ne5 Qd6 7. f4 Nfd7 8. Nxd7
Nxd7 9. Nc3 h5 10. b3 Nf6 11. h3 e5 12. Bb2 exf4 13. gxf4 Bd7 14. Bxb7 Bc6 15.
Bxc6+ Qxc6 16. Rf1 Ne4 17. Nxe4 Qxe4 18. Qf3 Qxf3 19. Rxf3 Rh6 20. Rg3 Re6 21.
Bxg7 Be7 22. O-O-O f6 23. f5 Rb6 24. Bh6 Kd7 25. Bf4 h4 26. Rg4 a5 27. Kb2 a4
28. Kc3 axb3 29. axb3 Bd6 30. Rxh4 Ra2 31. Rh7+ Ke8 32. Rg1 Bf8 33. Rg8 Ra3 34.
Kxd3 Raxb3+ 35. Ke2 Rb7 36. Rhh8  1-0

[Event "2. Bundesliga Ost 2017/2018"]
[Site "alle Wien"]
[Date "2017.12.02"]
[Round "5"]
[Board "5"]
[White "Bauer, Thomas"]
[Black "Dittel, Herbert"]
[Result "1-0"]
[WhiteElo "2168"]
[BlackElo "2067"]
[PlyCount "99"]
[EventDate "2017.10.21"]
[EventType "team"]
[EventRounds "11"]
[EventCountry "AUT"]
[WhiteTeam "L.A. Kraftanlage Ottakring 2"]
[BlackTeam "SK Sparkasse Bad Voeslau"]

1. e4 c5 2. Nf3 e6 3. d4 cxd4 4. Nxd4 a6 5. Bd3 Qc7 6. O-O Nf6 7. c4 Be7 8. Nc3
d6 9. a4 b6 10. b3 O-O 11. Bb2 Bb7 12. Rc1 Nbd7 13. Re1 Rfe8 14. Bb1 Bf8 15.
Nde2 Rad8 16. Ng3 g6 17. h3 Qb8 18. Rc2 Bc6 19. Qe2 Bg7 20. Rd2 Nc5 21. Bc2 a5
22. Nb5 Bxb5 23. axb5 e5 24. Qe3 h5 25. Ra1 Kh7 26. Qf3 Qc7 27. Bc3 Ne6 28. Ra2
Nf4 29. Ne2 Nxe2+ 30. Rxe2 Rf8 31. Re1 Ng8 32. Qe2 Ne7 33. b4 axb4 34. Bxb4 f5
35. Rea1 Rd7 36. Ra6 f4 37. f3 Nc8 38. Bb3 Bf6 39. Qf2 Rg8 40. c5 Rgg7 41. cxb6
Qd8 42. Ba5 Rb7 43. Ra8 Qd7 44. Bd5 Bd8 45. Qc2 Nxb6 46. Bxb7 Nxa8 47. Bxd8
Qxb7 48. Qc6 Qxc6 49. bxc6 Nc7 50. Ra7  1-0

[Event "2. Bundesliga Ost 2017/2018"]
[Site "alle Wien"]
[Date "2017.12.02"]
[Round "5"]
[Board "6"]
[White "Haas, Bernhard"]
[Black "Peyrer, Konstantin"]
[Result "0-1"]
[WhiteElo "2016"]
[BlackElo "2133"]
[PlyCount "120"]
[EventDate "2017.10.21"]
[EventType "team"]
[EventRounds "11"]
[EventCountry "AUT"]
[WhiteTeam "SK Sparkasse Bad Voeslau"]
[BlackTeam "L.A. Kraftanlage Ottakring 2"]

1. d4 d5 2. c4 dxc4 3. e3 c5 4. Bxc4 Nf6 5. Nf3 e6 6. O-O Nc6 7. Nc3 Be7 8. Qe2
O-O 9. Rd1 Qc7 10. e4 Nxd4 11. Nxd4 cxd4 12. Nb5 Qe5 13. Bd3 a6 14. Nxd4 Qxd4
15. e5 Qg4 16. f3 Qh5 17. exf6 Bxf6 18. Bf4 e5 19. Bg3 Bf5 20. Be4 Rab8 21. Bf2
Bxe4 22. Qxe4 Qg6 23. Qb4 Bd8 24. Bc5 Re8 25. Rd6 Re6 26. Qxb7 Rxd6 27. Qxb8
Rd2 28. Bf2 h5 29. Qxe5 Bf6 30. Qg3 Qxg3 31. hxg3 Rxb2 32. Rd1 Rxa2 33. Rd6 a5
34. Ra6 a4 35. Bc5 Kh7 36. Ra5 Rc2 37. Bf2 Rc4 38. Rxh5+ Kg6 39. Ra5 Be7 40.
Ra6+ f6 41. Kf1 a3 42. g4 Rc2 43. Bd4 a2 44. Kg1 Bc5 45. Bxc5 Rc1+ 46. Kf2 a1=Q
47. Rxa1 Rxa1 48. Kg3 Kf7 49. Kf4 Ke6 50. g3 Re1 51. Be3 Kd5 52. Bd2 Re5 53. g5
Rxg5 54. Bc3 Kc4 55. Bb2 Kd3 56. g4 Ra5 57. Kg3 Ra4 58. g5 Kc2 59. Bxf6 gxf6
60. g6 Kd3  0-1

[Event "2. Bundesliga Ost 2017/2018"]
[Site "alle Wien"]
[Date "2017.12.02"]
[Round "5"]
[Board "1"]
[White "Penz, Harald"]
[Black "Horvath, Dominik"]
[Result "1/2-1/2"]
[WhiteElo "2311"]
[BlackElo "2369"]
[PlyCount "61"]
[EventDate "2017.10.21"]
[EventType "team"]
[EventRounds "11"]
[EventCountry "AUT"]
[WhiteTeam "SK Hietzing"]
[BlackTeam "ASVOE Pamhagen 2"]

1. e4 c5 2. c3 d5 3. exd5 Qxd5 4. d4 Nf6 5. Nf3 e6 6. Be2 Nc6 7. O-O cxd4 8.
cxd4 Be7 9. Nc3 Qd6 10. g3 O-O 11. Nb5 Qd8 12. Ne5 Qb6 13. Nxc6 bxc6 14. Nc3
Rd8 15. Qc2 Bb7 16. Na4 Qxd4 17. Be3 Qe4 18. Qxe4 Nxe4 19. Rac1 Nf6 20. Nc5 Bc8
21. Na6 Bd7 22. Bd2 Nd5 23. Ba5 Rdc8 24. Nc5 Bxc5 25. Rxc5 Rab8 26. Ba6 Re8 27.
b3 e5 28. Rd1 e4 29. Bc4 Bg4 30. Re1 Nb6 31. Rxc6  1/2-1/2

[Event "2. Bundesliga Ost 2017/2018"]
[Site "alle Wien"]
[Date "2017.12.02"]
[Round "5"]
[Board "2"]
[White "Lipka, Juraj"]
[Black "Djeno, Drago"]
[Result "1-0"]
[WhiteElo "2416"]
[BlackElo "2238"]
[PlyCount "59"]
[EventDate "2017.10.21"]
[EventType "team"]
[EventRounds "11"]
[EventCountry "AUT"]
[WhiteTeam "ASVOE Pamhagen 2"]
[BlackTeam "SK Hietzing"]

1. d4 g6 2. Nf3 Nf6 3. Bg5 Bg7 4. Nbd2 c5 5. Bxf6 Bxf6 6. Ne4 Bxd4 7. Nxd4 cxd4
8. Qxd4 O-O 9. c4 Qa5+ 10. Qd2 Qxd2+ 11. Kxd2 Rd8 12. Nc3 Na6 13. g3 Rb8 14.
Bg2 b5 15. cxb5 Nc7 16. a4 a6 17. Rhc1 d5 18. Na2 Rd7 19. Nb4 axb5 20. Nc6 Ra8
21. Ne5 Rd6 22. Rxc7 bxa4 23. Rxe7 Rb8 24. Re8+ Kg7 25. Nd3 Rdb6 26. Rxa4 Bf5
27. Rxb8 Rxb8 28. Rb4 Rd8 29. Rd4 Be6 30. e4  1-0

[Event "2. Bundesliga Ost 2017/2018"]
[Site "alle Wien"]
[Date "2017.12.02"]
[Round "5"]
[Board "3"]
[White "Belke, Frank"]
[Black "Vitouch, Anatol"]
[Result "1/2-1/2"]
[WhiteElo "2299"]
[BlackElo "2330"]
[PlyCount "67"]
[EventDate "2017.10.21"]
[EventType "team"]
[EventRounds "11"]
[EventCountry "AUT"]
[WhiteTeam "SK Hietzing"]
[BlackTeam "ASVOE Pamhagen 2"]

1. d4 e6 2. c4 f5 3. Nc3 Nf6 4. Bg5 Bb4 5. e3 b6 6. Be2 Bb7 7. Bf3 Bxf3 8. Nxf3
Bxc3+ 9. bxc3 O-O 10. Ne5 Qc8 11. Bxf6 Rxf6 12. Qf3 c6 13. O-O d6 14. Nd3 Qa6
15. Nb2 Qa3 16. Rab1 Qxc3 17. Rfc1 Qa5 18. c5 d5 19. Nd3 b5 20. a4 a6 21. Ra1
Nd7 22. axb5 Qxb5 23. Qd1 a5 24. Rcb1 Qa6 25. Nb4 Qc8 26. Qa4 e5 27. f4 e4 28.
Na2 Qc7 29. Rb3 Rff8 30. Rab1 Rfb8 31. Nc1 h6 32. Rxb8+ Rxb8 33. Rxb8+ Nxb8 34.
Nb3  1/2-1/2

[Event "2. Bundesliga Ost 2017/2018"]
[Site "alle Wien"]
[Date "2017.12.02"]
[Round "5"]
[Board "5"]
[White "Stadler, Peter"]
[Black "Alvir, Aco"]
[Result "1/2-1/2"]
[WhiteElo "2035"]
[BlackElo "2337"]
[PlyCount "64"]
[EventDate "2017.10.21"]
[EventType "team"]
[EventRounds "11"]
[EventCountry "AUT"]
[WhiteTeam "SK Hietzing"]
[BlackTeam "ASVOE Pamhagen 2"]

1. d4 Nf6 2. Nf3 g6 3. g3 Bg7 4. Bg2 O-O 5. O-O d6 6. c4 c6 7. Nc3 Qa5 8. Qd2
Nbd7 9. b3 Re8 10. Bb2 e5 11. e4 a6 12. a3 exd4 13. Nxd4 c5 14. Nde2 Ne5 15.
Rad1 Bh3 16. Qc2 Bxg2 17. Kxg2 Rad8 18. f3 b5 19. cxb5 axb5 20. Nd5 Nxd5 21.
Rxd5 Qa6 22. Rfd1 c4 23. Nf4 cxb3 24. Qxb3 Nc4 25. Bxg7 Kxg7 26. R1d3 Rb8 27.
Qc3+ f6 28. R5d4 Rbc8 29. Qb3 Rc5 30. Rd5 Qc8 31. a4 bxa4 32. Qxa4 Re7  1/2-1/2

[Event "2. Bundesliga Ost 2017/2018"]
[Site "alle Wien"]
[Date "2017.12.02"]
[Round "5"]
[Board "6"]
[White "Franzen, Jozef"]
[Black "Prager, Manfred"]
[Result "1-0"]
[WhiteElo "2267"]
[BlackElo "2017"]
[PlyCount "91"]
[EventDate "2017.10.21"]
[EventType "team"]
[EventRounds "11"]
[EventCountry "AUT"]
[WhiteTeam "ASVOE Pamhagen 2"]
[BlackTeam "SK Hietzing"]

1. e4 c5 2. Nf3 d6 3. c3 Nc6 4. Bd3 e5 5. Bc2 Bg4 6. h3 Bd7 7. d4 cxd4 8. cxd4
exd4 9. Nxd4 Nf6 10. Nc3 Be7 11. O-O O-O 12. Bg5 Qb6 13. Nb3 Nb4 14. Bb1 Be6
15. Nd4 Nc6 16. Nxe6 fxe6 17. Qe2 Nd4 18. Qd2 e5 19. Be3 Rad8 20. a3 Kh8 21.
Ba2 Rc8 22. Rad1 Rc7 23. Bxd4 exd4 24. Na4 Qb5 25. Qxd4 Rc2 26. Bb1 Rc4 27. Nc3
Qc6 28. Qe3 Bd8 29. Qg3 Bc7 30. Ba2 Rc5 31. Bd5 Qa6 32. b4 Nxd5 33. bxc5 dxc5
34. Qd3 Qd6 35. g3 Nxc3 36. Qxc3 Qc6 37. Rd5 b6 38. Rfd1 Qe6 39. Rd7 Be5 40.
Rd8 Kg8 41. Qf3 Bf6 42. Rxf8+ Kxf8 43. Rd8+ Ke7 44. Ra8 Qd7 45. e5 Bxe5 46.
Qf8+  1-0

[Event "2. Bundesliga Ost 2017/2018"]
[Site "alle Wien"]
[Date "2017.12.02"]
[Round "5"]
[Board "1"]
[White "Stanec, Nikolaus"]
[Black "Pinter, Erik"]
[Result "1-0"]
[WhiteElo "2470"]
[BlackElo "2362"]
[PlyCount "167"]
[EventDate "2017.10.21"]
[EventType "team"]
[EventRounds "11"]
[EventCountry "AUT"]
[WhiteTeam "SC Donaustadt"]
[BlackTeam "Blackburne Nickelsdorf"]

1. e4 c5 2. Nf3 Nc6 3. Bb5 g6 4. O-O Bg7 5. c3 e5 6. d3 Nge7 7. Be3 d6 8. d4
exd4 9. cxd4 Bg4 10. Nc3 cxd4 11. Bxd4 O-O 12. Bxg7 Kxg7 13. h3 Bxf3 14. Qxf3
Nd4 15. Qd3 Nxb5 16. Nxb5 Qb6 17. Nxd6 Qxb2 18. Rab1 Qxa2 19. Rxb7 Qe6 20. Nb5
a5 21. Qa3 Rae8 22. Nc7 Qxe4 23. Nxe8+ Rxe8 24. Qb2+ Kg8 25. Rb8 Nf5 26. Rxe8+
Qxe8 27. Rd1 Qe7 28. Qd2 Qa7 29. Qc3 Qb6 30. Ra1 h5 31. Qxa5 Qb2 32. Qe1 Kg7
33. Ra8 Nh6 34. Qa1 Qxa1+ 35. Rxa1 Kf6 36. g3 Nf5 37. Kg2 Nd4 38. Ra5 Ne6 39.
h4 Nd4 40. Rd5 Nf5 41. Kf3 Nh6 42. Kf4 Ng4 43. f3 Nh6 44. g4 hxg4 45. fxg4 Ng8
46. g5+ Ke6 47. Re5+ Kd6 48. Ra5 Ne7 49. Ra6+ Nc6 50. Ke4 Kc7 51. Ra1 Kd6 52.
Rf1 Nd8 53. Rf6+ Ke7 54. Ra6 Ne6 55. Ra7+ Kf8 56. Ke5 Ng7 57. Rb7 Ne8 58. Kd5
Ng7 59. Kc6 Nf5 60. Rb4 Ke7 61. Re4+ Kf8 62. Kd7 Ng3 63. Re5 Kg8 64. Ke7 Nf5+
65. Kf6 Ng7 66. Re7 Nh5+ 67. Ke5 Ng7 68. Ra7 Kf8 69. Rb7 Ne8 70. Rb8 Ke7 71.
Kf4 Ng7 72. Kg4 Ne6 73. h5 gxh5+ 74. Kxh5 Ng7+ 75. Kh6 Ne6 76. Rb6 Nd4 77. Kh7
Ne6 78. Rb7+ Kf8 79. Rb5 Nd8 80. Rf5 Ke7 81. Kg8 Ke8 82. Re5+ Kd7 83. Rd5+ Ke7
84. Rxd8  1-0

[Event "2. Bundesliga Ost 2017/2018"]
[Site "alle Wien"]
[Date "2017.12.02"]
[Round "5"]
[Board "2"]
[White "Schwarhofer, Christopher"]
[Black "Kummer, Helmut"]
[Result "0-1"]
[WhiteElo "2370"]
[BlackElo "2285"]
[PlyCount "62"]
[EventDate "2017.10.21"]
[EventType "team"]
[EventRounds "11"]
[EventCountry "AUT"]
[WhiteTeam "Blackburne Nickelsdorf"]
[BlackTeam "SC Donaustadt"]

1. e4 g6 2. d4 Bg7 3. Nc3 c6 4. Be3 d5 5. Qd2 dxe4 6. Nxe4 Nf6 7. Nxf6+ exf6 8.
h4 h5 9. O-O-O O-O 10. f3 f5 11. Bc4 Nd7 12. Bg5 Nf6 13. Ne2 b5 14. Bb3 a5 15.
a3 Qd6 16. Qf4 Rd8 17. Qxd6 Rxd6 18. Nf4 Kf8 19. Rhe1 Bd7 20. a4 b4 21. c4 Re8
22. Re5 Nh7 23. Rxe8+ Bxe8 24. Ne2 Nxg5 25. hxg5 Re6 26. Kd2 Re7 27. Kd3 Bd7
28. c5 f4 29. Nxf4 Bf5+ 30. Kc4 Re3 31. Rd2 Bc8  0-1

[Event "2. Bundesliga Ost 2017/2018"]
[Site "alle Wien"]
[Date "2017.12.02"]
[Round "5"]
[Board "3"]
[White "Pingitzer, Harald"]
[Black "Lendwai, Reinhard"]
[Result "1/2-1/2"]
[WhiteElo "2330"]
[BlackElo "2389"]
[PlyCount "30"]
[EventDate "2017.10.21"]
[EventType "team"]
[EventRounds "11"]
[EventCountry "AUT"]
[WhiteTeam "SC Donaustadt"]
[BlackTeam "Blackburne Nickelsdorf"]

1. Nf3 d5 2. d4 c6 3. c4 Nf6 4. Nc3 g6 5. cxd5 cxd5 6. Bf4 Nc6 7. e3 Bg7 8. h3
O-O 9. Be2 a6 10. O-O Bf5 11. Rc1 Rc8 12. Nh4 Be6 13. Nf3 Bf5 14. Nh4 Be6 15.
Nf3 Bf5  1/2-1/2

[Event "2. Bundesliga Ost 2017/2018"]
[Site "alle Wien"]
[Date "2017.12.02"]
[Round "5"]
[Board "4"]
[White "Vlcek, Stanislav"]
[Black "Exler, Veronika"]
[Result "1/2-1/2"]
[WhiteElo "2258"]
[BlackElo "2175"]
[PlyCount "81"]
[EventDate "2017.10.21"]
[EventType "team"]
[EventRounds "11"]
[EventCountry "AUT"]
[WhiteTeam "Blackburne Nickelsdorf"]
[BlackTeam "SC Donaustadt"]

1. e4 c6 2. d3 d5 3. Nd2 e5 4. g3 Nf6 5. Bg2 Bg4 6. Ngf3 Nbd7 7. h3 Be6 8. Ng5
Bc5 9. O-O O-O 10. c3 a5 11. Qe2 Qe7 12. Ndf3 dxe4 13. dxe4 a4 14. Re1 Rfd8 15.
Nxe6 Qxe6 16. Nh4 g6 17. Nf3 Kg7 18. Ng5 Qe7 19. Bd2 Nb6 20. Red1 h6 21. Nf3
Qe6 22. Be1 Rxd1 23. Rxd1 Re8 24. Ra1 Qc4 25. Qxc4 Nxc4 26. b3 Nd6 27. Nd2 Ra8
28. b4 Ba7 29. Kf1 Rc8 30. Rb1 c5 31. b5 Bb6 32. f3 Ba5 33. Rc1 c4 34. Nb1 Nxb5
35. Rd1 Rd8 36. Rxd8 Bxd8 37. Ke2 Bb6 38. h4 h5 39. Bh3 Nd6 40. Na3 Bc5 41. Nc2
 1/2-1/2

[Event "2. Bundesliga Ost 2017/2018"]
[Site "alle Wien"]
[Date "2017.12.02"]
[Round "5"]
[Board "5"]
[White "Schwab, Lukas"]
[Black "Gutsch, Franz"]
[Result "1-0"]
[WhiteElo "2196"]
[BlackElo "2078"]
[PlyCount "79"]
[EventDate "2017.10.21"]
[EventType "team"]
[EventRounds "11"]
[EventCountry "AUT"]
[WhiteTeam "SC Donaustadt"]
[BlackTeam "Blackburne Nickelsdorf"]

1. e4 e6 2. d4 d5 3. Nd2 c5 4. exd5 Qxd5 5. Ngf3 cxd4 6. Bc4 Qd6 7. Qe2 Nf6 8.
Nb3 Nc6 9. Bg5 Be7 10. O-O-O O-O 11. Nbxd4 Nxd4 12. Nxd4 Qc5 13. Bh4 a6 14. Nb3
Qc6 15. f3 b5 16. Bd3 Nd5 17. Bxe7 Nxe7 18. Na5 Qc7 19. Qe4 g6 20. Qxa8 Qxa5
21. Kb1 Nd5 22. Qa7 Nb4 23. a3 Nc6 24. Qc5 Bb7 25. Be4 Rc8 26. Qg5 Kg7 27. Rd7
Qb6 28. Qf4 Rf8 29. Qc7 Qc5 30. Qxb7 Ne5 31. Rc7 Qf2 32. g3 Nc4 33. Qa7 Qd2 34.
Rd7 Qa5 35. Qd4+ e5 36. Qc5 Rd8 37. Rxd8 Qxd8 38. Qd5 Qc7 39. Re1 f5 40. Qb7
 1-0

[Event "2. Bundesliga Ost 2017/2018"]
[Site "alle Wien"]
[Date "2017.12.02"]
[Round "5"]
[Board "6"]
[White "Bachofner, Christian"]
[Black "Schwab, Rene"]
[Result "1-0"]
[WhiteElo "1991"]
[BlackElo "2139"]
[PlyCount "121"]
[EventDate "2017.10.21"]
[EventType "team"]
[EventRounds "11"]
[EventCountry "AUT"]
[WhiteTeam "Blackburne Nickelsdorf"]
[BlackTeam "SC Donaustadt"]

1. e4 c6 2. d4 d5 3. Nc3 dxe4 4. Nxe4 Nf6 5. Nxf6+ exf6 6. c3 Bd6 7. Bd3 O-O 8.
Ne2 Re8 9. Qc2 h6 10. Be3 Nd7 11. O-O-O Nf8 12. Kb1 Be6 13. c4 Qa5 14. h3 b5
15. Nc1 bxc4 16. Bxc4 Rac8 17. Nb3 Qb4 18. Rc1 Nd7 19. Bxe6 Rxe6 20. d5 Ree8
21. dxc6 Ne5 22. Nd4 a6 23. Rhd1 Rb8 24. Qc3 Nc4 25. Qxb4 Rxb4 26. Nb3 Be5 27.
c7 Bxc7 28. Rd4 Nxe3 29. Rxb4 Bd6 30. Rb6 Nf5 31. g4 Bf4 32. gxf5 Bxc1 33. Nxc1
Re5 34. Rxa6 Rxf5 35. Nd3 g5 36. Kc2 h5 37. Kd2 Rf3 38. b4 h4 39. b5 Rf5 40. a4
g4 41. hxg4 h3 42. Rc6 Rd5 43. b6 Rd6 44. b7 Rxc6 45. b8=Q+ Kg7 46. Qg3 Rc4 47.
Nb2 Rb4 48. Kc3 h2 49. Qxh2 Rb7 50. Qh5 Ra7 51. a5 Ra8 52. Nc4 Rc8 53. Kb4 Ra8
54. Ne3 f5 55. g5 Ra6 56. Kb5 Re6 57. a6 Re5+ 58. Kc6 f4 59. Qh6+ Kg8 60. a7
Re8 61. Nf5  1-0